• 首页
  • 本馆介绍
  • 公告通知
  • 最新文献
  • 馆藏检索
  • 电子资源
  • 读者导购
  • 参考咨询
  • 我的图书馆
  • 登录
  • 详细信息显示
  • 放入我的书架
  • 预约/预借图书
  • 作者相关作品
  • 分类相关作品
  • 丛书相关作品
  • 出版社相关作品

书目信息

  • 表格格式
  • 工作单格式
  • 卡片格式
题名:
中学语文教育学
    
 
作者: 于亚中 , 鱼浦江 主编
分册:  
出版信息: 北京   高等教育出版社  1992.6
页数: 424页
开本: 20cm
丛书名:
单 册:
中图分类: G633.3
科图分类: 38.7341
主题词: 教育--各级
电子资源:
ISBN: 7-04-003734-3
000 00990nam0 2200313 45
001 0192011422
005 20040615100903.5
010    @a7-04-003734-3@dCNY5.15
020    @aCN@b92011422
092    @a社科294-184
100    @a19921118d1992 em y0chiy0121 ea
101 0  @achi
102    @aCN@b110000
105    @ay z 000yy
106    @ar
200 10 @a中学语文教育学@Azhong xue yu wen jiao yu xue@f于亚中,鱼浦江主编@Fyu yazhong yu pu jiang zhu bian
210    @a北京@c高等教育出版社@d1992.6
215    @a424页@d20cm
300    @a高等师范学校教学用书
314    @a于亚中,东北师范大学教授
314    @a鱼浦江,陕西师范大学副教授
330    @a本书阐述了中学语文课程设置、教材、基础知识教学、读写听说能力的培养、语文教学的德育、美育以及教师修养和学生学习等。
606 0  @a教育@x各级
690    @aG633.3
692    @a38.7341
701  0 @a于亚中@Ayu ya zhong@4主编
701  0 @a鱼浦江@Ayu pu jiang@4主编
801  0 @aCN@bNLC@c19921118
905    @f1@b259427@dG633.3@e252
    
    中学语文教育学/于亚中,鱼浦江主编.-北京:高等教育出版社,1992.6
    424页;20cm
    高等师范学校教学用书
    
    ISBN 7-04-003734-3:CNY5.15
    本书阐述了中学语文课程设置、教材、基础知识教学、读写听说能力的培养、语文教学的德育、美育以及教师修养和学生学习等。
●
相关链接 在E读中查询图书 在五车中查询图书 在当当中查询图书 在豆瓣中查询图书


正题名:中学语文教育学     索取号:G633.3/252         预约/预借

序号 登录号 条形码 馆藏地/架位号 状态 备注
1 0259426   000262165   第一样本阅览室/ [索取号:G633.3/252] 在馆    
2 0259427   000262156   密集书库/ [索取号:G633.3/252] 在馆    
唐山师范学院图书馆 欢迎您!
大连网信软件有限公司© 版权所有